| 000 | 00000nam 2200000za 4500 |
| 001 | 9.698946 |
| 003 | CaOODSP |
| 005 | 20240527135429 |
| 007 | cr ||||||||||| |
| 008 | 150407s2014 onc|||||o f|0| 0 eng d |
| 020 | |a978-1-100-23319-2 |
| 040 | |aCaOODSP|beng |
| 043 | |an-cn--- |
| 086 | 1 |aCW66-389/2015E-PDF |
| 110 | 2 |aCanadian Wildlife Service. |
| 245 | 10|aPrince Edward Point National Wildlife Area |h[electronic resource]. |
| 260 | |aOttawa : |bEnvironment Canada, |cc2014. |
| 300 | |a1 p. : |bmap, photographs. |
| 500 | |aCatalogue number CW66-389/2014E-PDF printed in this publication. |
| 530 | |aIssued also in HTML format. |
| 590 | |a15-11|b2015-03-13 |
| 690 | 07|aWildlife management|2gcpds |
| 690 | 07|aConservation areas|2gcpds |
| 775 | 08|tRéserve nationale de faune de Prince Edward Point |w(CaOODSP)9.642950 |
| 776 | 0#|tPrince Edward Point National Wildlife Area |w(CaOODSP)9.674057 |
| 776 | 0#|tRéserve nationale de faune de Prince Edward Point |w(CaOODSP)9.674058 |
| 856 | 40|ahttp://publications.gc.ca|qPDF|s563 KB|uhttps://publications.gc.ca/collections/collection_2015/ec/CW66-389-2015-eng.pdf |